000 nam a22 7a 4500
999 _c330035
_d330035
003 NUST
005 20170612135311.0
008 170606b xxu||||| |||| 00| 0 eng d
040 _cNUST
082 _a891.4393
_bBEL
100 _aBela, Abdal
_92049
245 _aAnhonian
_cby Abdal Bela
260 _aLahore:
_bFerouzsons,
_c1994
300 _a171 p.
500 _aNovel
546 _aIn Urdu
650 _aUrdu Literature- Novel
_91164
880 _6100-01\(3\r
_aابدال بیلا
880 _6245-02\(3\r
_aانہونیاں
_cابدال بیلا
880 _6260-03\(3\r
_aلاہور:
_bفیروز سنز،
_c1994.
942 _2ddc
_cBK